| 000 | 00744nam a2200229Ii 4500 | ||
|---|---|---|---|
| 003 | JO-AjNU | ||
| 008 | 230605s9999||||xx |||||||||||||| ||und|| | ||
| 017 | _a1982/5466 | ||
| 020 | _a977-02-0257-6 | ||
| 040 |
_aJO-AjNU _bara _erda _cJO-AjNU |
||
| 041 | _aara | ||
| 050 | 1 | 4 | _aPN81.H3545 1982 |
| 100 | 3 |
_aحمادة،إبراهيم, _eauthor _97750 |
|
| 245 | 0 | 0 | _aمقالات في النقد الأدبي |
| 264 | 3 | 1 | _aالقاهرة: دار المعارف، 1982 |
| 300 | _a175ص | ||
| 336 |
_atext _btxt _2rdacontent |
||
| 337 |
_aunmediated _bn _2rdamedia |
||
| 338 |
_avolume _bnc _2rdacarrier |
||
| 490 | 0 | _aمكتبة الدراسات الأدبية 89 | |
| 650 | 4 |
_aالأدب العربي - تاريخ ونقد - مقالات _97751 |
|
| 999 |
_aA438 _c4006 _d4006 |
||